| 000 | 00561 a2200193 4500 | ||
|---|---|---|---|
| 999 |
_c32126 _d32126 |
||
| 003 | OSt | ||
| 005 | 20260218161113.0 | ||
| 008 | 260218b ||||| |||| 00| 0 eng d | ||
| 040 | _c. | ||
| 082 |
_a604.2 _bH724 |
||
| 100 |
_92730 _aHolburn, James G. |
||
| 245 |
_aMacGibbon’s Pictorial Drawing Book for Marine Engineers / _cJames G. Holburn and John J. Seaton |
||
| 250 | _a8th ed. | ||
| 260 |
_bBrown Son & Ferguson Ltd, _aGlasgow : _c2016. |
||
| 300 | _a128 p. | ||
| 650 | 0 |
_9171 _aMechanical Drawing |
|
| 700 |
_92732 _aSeaton, John J. |
||
| 942 |
_2ddc _cBK |
||